000 01096cam a2200313Ki 4500
001 ocn951949852
003 Co-BoUCM
005 20200915100310.0
008 171130s2017 nyua b 001 0 eng d
020 _a9781498745727
020 _a1498745725
035 _a(OCoLC)951949852
_z(OCoLC)951926543
040 _aCo-BoUCM
_bspa
_cSaul Niño
_dSaul Niño
041 0 _aeng
060 _aWB 18
245 0 0 _aRobotic assistive technologies
_bprinciples and practice
_cedited by Pedro Encarnação and Albert M. Cook
260 _aNew York
_bCRC Press
_c2017
300 _axv, 381 páginas
_bilustraciones
490 0 _aRehabilitation science in practice series
650 7 _aRobots
_923832
_xMedicina
650 7 _aRobótica
_923831
_xMedicina
650 7 _aRehabilitación
_9361
_xMetodos de simulación
650 7 _aMedicina
_97820
_xMetodos de simulación
650 7 _aTecnología médica
_925142
700 _aEncarnação, Pedro
_989839
700 1 _aCook, Albert M.
_d1943-
_eeditor
_965121
942 _2NLM
_a15
_cLIBRORESER
_e1
_hWB 18
_mR666a
_n0
999 _c307563
_d307563